00758nam a2200181 a 450000100100000000500170001000800410002704000250006808200150009311000710010824500720017926000820025130000240033350000530035750000360041095201130044699900170055900002871820200930055109.0110411s1992 sz 000 0 spa d aDO-SdBNPbspacBNPHU axxxxbO32h1 aOffice of the United Nations Hign Commissioner for Refugees95570900aHandbook on procedures and criteria for determining refugee status. aGeneva :bOffice of the United Nations High Commissioner for Refugees,c1992. av., 93 p. ;c21 cm. aIncluye referencias bibliográficas e índice. a"Reedited Geneva, January 1992" 001050718MOaPDbPDcCTd2011-04-11iLF1l0oxxxx O32hp28718-10r2020-06-25w2020-06-25y1ZNo se presta c28210d28210